| 000 | 00663cam a2200253ua 4500 | ||
|---|---|---|---|
| 001 | 7992 | ||
| 005 | 20260515114258.0 | ||
| 008 | 150103n ii |||gr||||Z||||||eng | ||
| 020 | _a9788131721841 | ||
| 040 | _cMAIN | ||
| 041 | _aeng | ||
| 082 | _a005.1 | ||
| 100 |
_aShreiner, D., _eAuthor., |
||
| 245 | 1 |
_aOpen GL : _bProgramming guide / _cBy Dave Shreiner . |
|
| 250 | _a6th ed. | ||
| 260 |
_aNew Delhi: _bPearson, _c2008. |
||
| 300 | _axlvii,852p. | ||
| 653 | _aComputer programming, programs & data | ||
| 653 | _aProgramming guide | ||
| 700 |
_aWoo, M., _eAuthor. |
||
| 700 |
_aNeider, J., _eAuthor. |
||
| 700 |
_aDavis, T., _eAuthor. |
||
| 942 | _cBK | ||
| 999 |
_c7106 _d7106 |
||